000 00857cam a22002294a 4500
005 20250605164047.0
008 250528s ||||||||||||||||||||||||d
035 _a17158
020 _a71004343
040 _aGR-AtMCL
_bgre
_dGR-AtMCL
_eAACR2
245 1 _aEconomics / Second Edition
250 _a2nd
260 _bMcgraw Hill Book Company,
_c1988
300 _a822
520 _aPreface, Introduction, Supply and Demand and Product Markets, Market Imperfections and Government Regulation, Factor Markets and Income Distribution, Taxes and Transfers and Government Spending, Aggregate Demand and Its Determinants, Aggregate Supply and Economic Growth, The World Economy, Index.
700 1 _aDornbusch Rudiger
_91655
700 1 _aFischer Stanley
_91656
700 1 _aSchmalensee Richard
_93309
942 _cBK
999 _c2596
_d2596